| 000 | 00000nam##2200000za#4500 |
| 001 | 9.683811 |
| 003 | CaOODSP |
| 005 | 20210615133807 |
| 007 | ta |
| 008 | 150407|2006||||xxc||||| f|0| 0 fre|d |
| 020 | |a978-2-922084-88-7 |
| 040 | |aCaOODSP|bfre |
| 043 | |an-cn--- |
| 086 | 1 |aE84-16/2006F |
| 110 | 1 |aCanada.|bCentre international des droits de la personne et du développement démocratique. |
| 245 | 10|aFemmes autochtones des Amériques / |cpublié conjointement par le Réseau continental des femmes autochtones Enlace et Femmes autochtones du Québec. |
| 250 | |aDeuxième édition |
| 260 | |aMontréal - Québec : |bCentre international des droits de la personne et du développement démocratique |c2006. |
| 300 | |a6 feuilles. : |bill., carte, organigramme, photographies ; |c30 cm. |
| 520 | 3 |aDroits et Démocratie, de concert avec le Réseau continental des femmes autochtones Enlace et Femmes autochtones du Québec, a préparé cet ensemble de fiches pour mettre en évidence le travail des femmes qui agissent à l'échelle locale, nationale et internationale afin de faire respecter leurs droits, et pour offrir à ces femmes des pistes d'action leur permettant de mieux utiliser les instances et les mécanismes internationaux. |
| 563 | |aTrousse |
| 590 | |a07-17|b2007-04-27 |
| 691 | 07|aAutochtones|2gcpds |
| 691 | 07|aCondition de la femme|2gcpds |
| 691 | 07|aDroits de la personne|2gcpds |
| 775 | 08|tIndigenous women of the Americas / |w(CaOODSP)9.650721 |
| 776 | 0#|t[Femmes autochtones des Amériques] / |w(CaOODSP)9.633127 |